Giáo trình quản lý kinh tế

שמור ב:
מידע ביבליוגרפי
מחבר תאגידי: Khoa Quản lý kinh tế
פורמט: ספר
שפה:Undetermined
יצא לאור: Hà nội CTQG 2002
נושאים:
תגים: הוספת תג
אין תגיות, היה/י הראשונ/ה לתייג את הרשומה!
Thư viện lưu trữ: Trung tâm Học liệu Trường Đại học Cần Thơ
LEADER 00523nam a2200193Ia 4500
001 CTU_51575
008 210402s9999 xx 000 0 und d
020 |b 26000 
082 |a 354 
082 |b Kh401 
110 |a Khoa Quản lý kinh tế 
245 0 |a Giáo trình quản lý kinh tế 
245 0 |c Khoa quản lý kinh tế 
260 |a Hà nội 
260 |b CTQG 
260 |c 2002 
650 |a public administration 
904 |i Minh 
980 |a Trung tâm Học liệu Trường Đại học Cần Thơ